000 00430nam a2200157 4500
001 1561
005 20181127163518.0
090 0 0 _a954.98 T7275b 2006.
110 _aDepartment of Tourism.
_b
_c
_d
_e
_n
_p
245 _aBhutan :
_bLand of the thunder dragon.
_c
_f
_g
_h
_k
_n
_p
_s
250 0 0 _a
260 0 0 _aThimphu:
_bDepartment of Tourism,
_c2006.
300 0 0 _a32 p.
500 0 0 _aIn English.
651 _aBhutan
_v
_xPictorial works.
_y
_z
_2
999 _c1164
_d1164